10 Usability Heuristics - Statistics

General Stats
  • This quiz has been taken 30 times
  • The average score is 7 of 10
Answer Stats
Answer % Correct
Help and documentation
89%
User control and freedom
89%
Error prevention
78%
Recognition rather than recall
78%
Consistency and standards
67%
Match between system and the real world
67%
Minimalist design
67%
Visibility of system status
67%
Flexibility and efficiency of use
56%
Help users recover from errors
56%
No matching quizzes found
Score Distribution
Percent of People with Each Score
Percentile by Number Answered
Your Score History
You have not taken this quiz